Ewige Tabelle Jupiler Pro League - Statistiken

Allgemein
  • Dieses Quiz wurde 84 mal gespielt
  • Das Durchschnittsergebnis liegt bei 12 aus 65
Antwortstatistiken
Punkte Verein Spiele Aktuelle Liga % Korrekt
4361 Anderlecht 2161 1
89%
2242 Antwerpen 1556 1
85%
2691 Gent 1797 1
85%
2212 Genk 1470 1
83%
4173 Club Brügge 2165 1
80%
3712 Standard Lüttich 2153 1
80%
1857 Cercle Brügge 1597 1
75%
323 Eupen 315 1
49%
484 Union Saint Gilloise 370 1
48%
2108 Charleroi 1657 1
46%
1986 Mechelen 1495 1
43%
575 Oostende 514 1
38%
1248 Beerschot 970 Aufgelöst 1999
35%
852 Westerlo 675 1
34%
858 Zulte Waregem 655 1
34%
312 Leuven 261 1
29%
2179 Lierse 1693 Aufgelöst 2018
29%
1298 Kortrijk 1096 1
23%
1565 Beveren 1240 Aufgelöst 2010
22%
316 Seraing 272 Aufgelöst 1996
20%
19 Lommel 18 2
17%
1981 Lokeren 1469 Aufgelöst 2020
15%
1413 RWD Molenbeek 1058 Aufgelöst 2002
14%
1 RWD Molenbeek 2 2
14%
76 Dender 74 3
11%
285 Excel Mouscron 267 Aufgelöst 2022
11%
1509 RFC Lüttich 1140 3
11%
1760 Truiden 1436 1
11%
12 Hasselt 34 4
8%
626 Excelsior Mouscron 443 Aufgelöst 2009
6%
1 Tournai 2 5
6%
371 Berchem 390 4
5%
321 La Louviere 308 Aufgelöst 2009
5%
24 Verviers 30 5
5%
1175 KSV Waregem 930 Aufgelöst 2001
3%
344 SK Beveren 344 2
3%
78 Beerschot VA 88 2
2%
688 Beringen 612 Aufgelöst 2002
2%
369 Eendracht Aalst 366 4
2%
90 Racing Mechelen 104 4
2%
346 RAEC Mons 324 Aufgelöst 2015
2%
56 RFC Seraing 72 1
2%
192 Roeselare 186 Aufgelöst 2020
2%
27 Sint Niklaas 34 5
2%
27 Tubize Braine 34 4
2%
125 AS Oostende 138 6
0%
1092 Beerschot AC 820 2
0%
28 Beringen Heusden Zolder 34 6
0%
44 Boom 68 6
0%
147 Charleroi Farciennes 158 3
0%
110 Crossing 120 5
0%
327 Daring Club Molenbeek 270 Aufgelöst 1973
0%
302 Diest 278 5
0%
359 KFC Lommel 340 Aufgelöst 2003
0%
24 Patro Eisden Maasmechelen 18 3
0%
0 RS Waasland 1 7
0%
136 RWDM Brüssel 136 6
0%
107 Tilleur Saint Nicolas 90 6
0%
69 Tongeren 68 Aufgelöst 2014
0%
31 Turnhout 30 4
0%
28 Verbroedering 34 Aufgelöst 2008
0%
412 Waterschei 332 6
0%
91 Wavre Sports 102 5
0%
1 White Star Brüssel 6 Aufgelöst 2017
0%
249 Zuid West Vlaanderen 204 4
0%
Keine übereinstimmenden Quizze gefunden
Verteilung der Resultate
Anzahl Personen mit jedem Resultat
Perzentil nach korrekt beantworteten Fragen
Ihre Resultats-Entwicklung
Sie haben dieses Quiz noch nicht gespielt